Economic theory : a critic's companion /

Saved in:
Bibliographic Details
Main Author: Meerhaeghe, M. A. G. van (Marcel Alfons Gilbert), 1921-
Format: Book
Language:English
Published: Leiden : H.E. Stenfert Kroese, 1980.
Subjects:
LEADER 00919nam a2200241 a 4500
001 c000166364
003 CARM
005 20030620110538.0
008 830301s1980 ne 001 0 eng d
019 1 |a 2309831  |z 27529741  |5 LACONCORD2021 
035 |a (OCoLC)7096890  |5 LACONCORD2021 
040 |a VCAV  |b eng  |c VCAV  |d AIAC 
082 1 4 |a 330  |2 19 
100 1 |a Meerhaeghe, M. A. G. van  |q (Marcel Alfons Gilbert),  |d 1921- 
245 1 0 |a Economic theory :  |b a critic's companion /  |c M.A.Gvan Meerhaeghe. 
260 |a Leiden :  |b H.E. Stenfert Kroese,  |c 1980. 
300 |a x, 126 p. ;  |c 24 cm. 
500 |a Includes bibliographical references. 
500 |a Includes index. 
650 0 |a Economics. 
852 8 |b CARM  |h A2:AN25F0  |i C06024  |p 0230105  |f BK 
999 f f |i c420fb9d-223c-5aa2-9f67-6385140cf8cb  |s 336c8c5d-1295-533d-90ff-5a502e7313a8 
952 f f |p Can circulate  |a CAVAL  |b CAVAL  |c CAVAL  |d CARM 1 Store  |e C06024  |f A2:AN25F0  |h Other scheme  |i book  |m 0230105